000 00244nam a2200097Ia 4500
008 170627s9999 xx 000 0 und d
100 _aSRIVASTAVA / NIGAM
245 0 _aMANAGEMENT OF INDIAN FINANCIAL INSTITUTIONS
260 _bHIMALAYA
260 _c2010
546 _aENGLISH
999 _c35773
_d35773